Capitals to Countries #4 - Statistics

General Stats
  • This quiz has been taken 41 times
  • The average score is 14 of 15
Answer Stats
Hint Answer % Correct
Prague Czechia
100%
Phnom Penh Cambodia
97%
Jakarta Indonesia
97%
Jerusalem Israel
97%
Oslo Norway
97%
Lima Peru
97%
Lisbon Portugal
97%
Bucharest Romania
97%
Damascus Syria
97%
Bangkok Thailand
97%
Sofia Bulgaria
94%
Antananarivo Madagascar
83%
Kampala Uganda
78%
N'Djamena Chad
72%
Ouagadougou Burkina Faso
69%
No matching quizzes found
Score Distribution
Percent of People with Each Score
Percentile by Number Answered
Your Score History
You have not taken this quiz